000 00714cam a22002175a 4500
001 L157153
002 19016
008 120910s2012 xxk f 000 0 eng d
020 _a9780727741097
035 _a(Sirsi) u157153
041 0 _aeng
050 0 4 _a624.08 $2 18
100 1 _aBroome, Jon
245 0 0 _aNEC3
_ba user's guide
260 _aLondon
_bICE
_c2012
300 _axvi, 295p.
_bill.
_c21cm.
520 _aOffers guidance to those using a NEC3 contract, including explaining how the NEC3 family of contracts fits together, and discussing how to successfully run a NEC3 Engineering and Construction Contract.
651 4 _aUnited Kingdom
_y
690 _aConstruction management
_96230
942 _n0
999 _c114631
_d114631